[Event "Roncana op-B 10th"]
[Site "Santa Eulalia de Roncana"]
[Date "2016.10.15"]
[Round "4"]
[White "Olive Torras, Ricard"]
[Black "Cortes Danes, Ariadna"]
[Result "1-0"]
[WhiteElo "1812"]
[BlackElo "1596"]
[PlyCount "53"]
[EventDate "2016.09.24"]
[EventType "swiss"]
[EventRounds "8"]
[EventCountry "ESP"]
[SourceTitle "EXT 2018"]
[Source "ChessBase"]
[SourceDate "2017.10.13"]
[SourceVersion "1"]
[SourceVersionDate "2017.10.13"]
[SourceQuality "1"]

1. e4 e5 2. Nf3 Nc6 3. Bb5 a6 4. Ba4 Nf6 5. 0-0 Nxe4 6. Re1 Nf6 7. Bxc6 dxc6 8. Nxe5 Be7 9. d4 0-0 10. Bf4 Qd5 11. c4 Qe6 12. Ng6 Qf5 13. Nxe7+ Kh8 14. Nxf5 Bxf5 15. Nc3 g6 16. Bxc7 Rac8 17. Be5 Kg7 18. Ne4 Bxe4 19. Rxe4 Rce8 20. Qf3 Re6 21. Rf4 Rfe8 22. h3 c5 23. Rxf6 Rxe5 24. Rxf7+ Kg8 25. dxe5 Rd8 26. Qf6 Rd1+ 27. Rxd1 1-0

[Event "Roncana op-B 10th"]
[Site "Santa Eulalia de Roncana"]
[Date "2016.10.08"]
[Round "3"]
[White "Cortes Danes, Ariadna"]
[Black "Valls Matheu, Albert"]
[Result "0-1"]
[WhiteElo "1596"]
[BlackElo "1272"]
[PlyCount "60"]
[EventDate "2016.09.24"]
[EventType "swiss"]
[EventRounds "8"]
[EventCountry "ESP"]
[SourceTitle "EXT 2018"]
[Source "ChessBase"]
[SourceDate "2017.10.13"]
[SourceVersion "1"]
[SourceVersionDate "2017.10.13"]
[SourceQuality "1"]

1. e4 e5 2. Nf3 Nc6 3. Bb5 a6 4. Bxc6 dxc6 5. c3 Nf6 6. d3 h6 7. h3 Bc5 8. Qe2 Qd6 9. Be3 Bxe3 10. Qxe3 c5 11. Nbd2 b5 12. b4 cxb4 13. cxb4 Nh5 14. g3 0-0 15. d4 f6 16. Rd1 Bb7 17. Nb3 Rad8 18. 0-0 Nf4 19. gxf4 exf4 20. Qe2 Rfe8 21. e5 Qxb4 22. Nh4 fxe5 23. dxe5 Rxd1 24. Rxd1 Qe7 25. Re1 Qxh4 26. Kh2 f3 27. Qb2 Re6 28. Nc5 Rg6 29. Nxb7 Rg2+ 30. Kh1 Qxh3# 0-1